Strategický profil firmy

Strategický plán firmy a jeho grafické znázornenie. Sprístupnenie stratégie firmy všetkým jej pracovníkom. Znaky konkurenčného (strategického) profilu spoločnosti: zameranie pozornosti, diferenciácia, heslo charakterizujúce výhody produktu spoločnosti. Vizualizácia strategického profilu firmy a zvyš...

Descrizione completa

Salvato in:
Dettagli Bibliografici
Autore principale: Pitra, Zbyněk
Natura: Capitolo di libro
Lingua:ceco
Soggetti:
Tags: Aggiungi Tag
Nessun Tag, puoi essere il primo ad aggiungerne!!

MARC

LEADER 00000naa$a2200000$$$4500
001 0026614
005 20231106122028.8
041 0 |a cze 
044 |a CZ 
245 1 0 |a Strategický profil firmy  |c Zbyněk Pitra 
520 |a Strategický plán firmy a jeho grafické znázornenie. Sprístupnenie stratégie firmy všetkým jej pracovníkom. Znaky konkurenčného (strategického) profilu spoločnosti: zameranie pozornosti, diferenciácia, heslo charakterizujúce výhody produktu spoločnosti. Vizualizácia strategického profilu firmy a zvyšovanie konkurencieschopnosti. Ilustračné príklady leteckej a finančnej spoločnosti. 
610 2 0 |a riadenie podnikové 
610 2 0 |a riadenie strategické 
610 2 0 |a manažment strategický 
610 2 0 |a konkurencieschopnosť 
610 2 0 |a prieskum trhu 
610 2 0 |a komunikácia 
610 2 0 |a zákazníci 
100 1 |a Pitra, Zbyněk